01196nam a22002417a 4500003000900000005001700009007000300026008004100029020001900070040002700089245021300116260009000329300002200419504003000441590003000471700005300501910001400554942001400568952011500582952012000697952012000817999001700937DO-SdBNP20211115134149.0ta211115b2020 dr ||||| |||| 00| 0 spa d a9789945922226  aDO-SdBNP bsapcBNPHU 00aPolítica de Investigación del Instituto Superior de Formación Docente Salomé Ureña (ISFODOSU) /ccoodinación editorial: Margarita Marmolejos V. ; corrección: Miguelina Crespo y Vilma Martínez. aSanto Domingo : bInstituto Superior de Formación Docente Salomé Ureña, c2020. a50 p. ; c23 cm.  aBibliografía : p. 47-50 aInventariado, 2021 /LP 1 aMarmolejos V., Margarita,ecoodinación 980632 aLopérez 2ddccLBS1 00102ddc51708PDaBNPHUbPDcHDd2021-11-15eDepósito Legal l0p2021-28122r2021-11-15w2021-11-15yLFPD 00102ddc51708PDaBNPHUbPDcHDd2021-11-15eDepósito Legal l0p2021-28123r2021-11-15te.2w2021-11-15yLFPD 00102ddc56708DSaBNPHUbDOcHDd2021-11-15eDepósito Legal l0p2021-28124r2021-11-15te.3w2021-11-15yLFDS c50966d50966